| 000 | 00631na a2200241 4500 | ||
|---|---|---|---|
| 001 | 14551 | ||
| 003 | MIRAKIL | ||
| 005 | 20181213154803.0 | ||
| 008 | 161028b tu 000 0 | ||
| 020 | _a994441106x | ||
| 035 | _a14551 | ||
| 040 |
_aMilas _btur _cTR-AnCHP |
||
| 041 | _atur | ||
| 082 |
_a813.42 _bO48b 2006 |
||
| 090 | _a813.42 O48b 2006 | ||
| 100 | _aOkur, Ekmel Ali | ||
| 245 |
_aBen Yüksel Mertoğlu Atatürk'ten özür diliyorum _cEkmel Ali Okur |
||
| 260 |
_aİstanbul _bAkis Kitap _c2006 |
||
| 300 |
_a139 s. _c21 sm. |
||
| 650 | _aTürkçe roman | ||
| 650 |
_aTürk edebiyatı _xRoman |
||
| 942 |
_2dcc _cBKS |
||
| 999 |
_c860 _d860 |
||